Quizzes
Events
Quiz Creation
Community
Videos
Private Events
Remove Ads
Sign In
Join for FREE
Feedback
Dark Mode
Quiz Categories
Sports
Geography
Music
Movies
Television
Just For Fun
Miscellaneous
History
Literature
Language
Science
Gaming
Entertainment
Religion
Holiday
For Kids
Quiz Lab
Recent
Popular Today
Quiz Kudos Today
Editor Picks
Curator Picks
Quizzes by...
Day
Popularity
Type
Ratings
Length
Year
Community
Subscriptions
Recent Discussions
Orange Saloon
Badges
Playlists
Quests
Create
Leaderboards
Showdown
Live 5
Trivia Bingo
Activity
Puzzle Library
Sporcle Events
Private Events
Virtual Trivia
Globe League
Become a Host
Pub Owners
SporcleCon
Opinionation
Our Games
Videos
Blog
Mobile Apps
Partnerships
Remove Ads and Go Orange
Feedback
Television
TV Characters
TV Show
Sitcom
Network
Friends
Reality Shows
Cast
South Park
Star Trek
The Simpsons
Doctor Who
Television
TV Characters
TV Show
Sitcom
Network
Friends
Reality Shows
Cast
South Park
Star Trek
The Simpsons
Doctor Who
Random Quiz
Search Sporcle
×
Quiz Lab
Quiz Lab
Television
Type in answers that appear in a list
Type in answers that appear in a list
Classic
Best Score? Go Orange.
RuPaul's Drag Race Super Trivia Stats
Can you name the RuPaul's Drag Race Super Trivia?
By
deliciouslyben
19m
211 Questions
847 Plays
847 Plays
847 Plays
Comments
Comments
Give Quiz Kudos
Give Quiz Kudos
-
- Ratings
hide this ad
Forced Order
Answers have to be entered in order
Answers have to be entered in order
Replay
Link that replays current quiz
Next Quiz
Link to next quiz in quiz playlist
You Got
0%
They Got
Avg Score
35%
Avg Friend Score
Upgrade to see
Score Distribution
Jump to the score distribution portion of the page
Score
0/211
Timer
19:00
0
Plays Today
Hint
Answer
% Correct
Winner
Raja
94.7%
Winner
Sharon Needles
94.3%
Winner
Bebe Zahara Benet
94.1%
Winner
Tyra Sanchez
94%
Winner
Bianca Del Rio
93.6%
Winner
Jinkx Monsoon
93.3%
Winner
Violet Chachki
92.8%
First Eliminated
Victoria Porkchop Parker
87.5%
First Eliminated
Kelly Mantle
85%
First Eliminated
Tempest DuJour
83.5%
First Eliminated
Shangela
81.9%
First Eliminated
Penny Tration
81.6%
First Eliminated
Venus D-Lite
80.1%
First Week Challenge Winner
Violet Chachki
79.9%
First Eliminated
Alisa Summers
79.9%
First Week Challenge Winner
Sharon Needles
79.3%
First Week Challenge Winner
Raja
78.6%
Snatch Game Winner
Tatianna
77.8%
First Week Challenge Winner
BenDeLaCreme
77.5%
Snatch Game Winner
Jinkx Monsoon
77.2%
Snatch Game Winner
BenDeLaCreme
77%
First Week Challenge Winner
Roxxxy Andrews
76.1%
Snatch Game Winner
Chad Michaels
75.2%
First Week Challenge Winner
Nina Flowers
74.4%
Snatch Game Winner
Ginger Minj and Kennedy Davenport
74.1%
First Week Challenge Winner
Morgan McMichaels
73.2%
Snatch Game Winner
Stacy Layne Matthews
70%
Snatch Game Celebrity
Little Edie
68.2%
Snatch Game Celebrity
Britney Spears
67.8%
Snatch Game Celebrity
Cher
67.7%
Snatch Game Celebrity
Maggie Smith
67.1%
Snatch Game Celebrity
Adele and Little Richard
66.1%
Snatch Game Celebrity
Mo'nique
63.4%
Lip Synced the most
Coco Montrese
62.1%
8th Place
Tammie Brown
61.2%
First Week BTM2 Winner
Serena ChaCha
59.6%
First Week BTM2 Winner
Kandy Ho
59.1%
First Week BTM2 Winner
Jiggly Caliente
58.7%
First Week BTM2 Winner
Vivacious
58.2%
First Week BTM2 Winner
Akashia
58%
Lip Synced the most
Akashia
57.7%
First Week BTM2 Winner
Shangela
56.7%
First Week BTM2 Winner
Sahara Davenport
56.6%
Queens that returned to the Competition
Trixie Mattel
54%
8th Place
Morgan McMichaels
53.1%
Queens that returned to the Competition
Carmen Carrera
53.1%
Queens that returned to the Competition
Kenya Michaels
52.7%
5th Place Queen
BenDeLaCreme
50.9%
5th Place Queen
Katya
50.9%
8th Place
Laganja Estranja
50.7%
Lip Synced the most
Jiggly Caliente, Milan and Latrice Royale
50.5%
8th Place
Jade Jolie
49.6%
Eliminated 3rd
Vivacious
49.6%
8th Place
Jiggly Caliente
49.5%
5th Place Queen
Coco Montrese
49.5%
Lip Synced the most
Trinity K Bonet
49.4%
8th Place
Stacy Layne Matthews
49.1%
Eliminated 3rd
Akashia
48.8%
Eliminated 3rd
Mimi Imfurst
48.2%
Eliminated 3rd
Mystique Summers Madison
48%
5th Place Queen
Kenya Michaels
47.3%
8th Place
Jaidynn Diore Fierce
47.2%
Eliminated 3rd
The Princess
47.2%
5th Place Queen
Carmen Carrera
47.2%
Lip Synced the most
Carmen Carrera, Delta Work, and Shangela
46.7%
Eliminated 3rd
Jasmine Masters
46.6%
5th Place Queen
Ongina
46.6%
Eliminated 3rd
Monica Beverly Hillz
46.3%
5th Place Queen
Pandora Boxx
46.1%
Final Lip Sync Song
Sissy that Walk
46%
Final Lip Sync Song
Cover Girl
43.9%
Hint
Answer
% Correct
Final Lip Sync Song
Jealous of my Boogie
43.5%
Final Lip Sync Song
Champion
43.4%
Final Lip Sync Song
Glamazon
42.9%
Best Host EVAAAA
RuPaul
41.4%
Final Lip Sync Song
The Beginning
41.1%
Final Lip Sync Song
Born Naked
40.7%
Week 1 Lip Sync Song
Supermodel by RuPaul
40.5%
Lip Sync that both Queens stayed
Alyssa Edwards and Roxxxy Andrews
36.9%
Won the Most Mini-
Challenges
Detox
36.5%
Week 1 Lip Sync Song
Geronimo by RuPaul
36.1%
Lip Sync that both Queens stayed
BenDeLaCreme and Darienne Lake
35.1%
Week 1 Lip Sync Song
Party in the USA by Miley Cyrus
34.9%
First Week Mini-
Challenge Winner
Detox
34.6%
First Week Mini-
Challenge Winner
Laganja Estranja
34.5%
First to walk into Workroom
Adore Delano
34.5%
Week 1 Lip Sync Song
Toxic by Britney Spears
34%
First to walk into Workroom
Detox
33.8%
First Week Mini-
Challenge Winner
Raja
32.9%
Transgender Competitor
Sonique
32.4%
Lip Sync that both Queens stayed
Sharon Needles and Phi Phi O'Hara
31.9%
Transgender Competitor
Carmen Carrera
31.9%
Transgender Competitor
Monica Beverly Hillz
31.6%
Week 1 Lip Sync Song
Cover Girl by RuPaul
30.7%
First to walk into Workroom
Willam
29.9%
First Week Mini-
Challenge Winner
Raven
29.8%
First to walk into Workroom
Miss Fame
29.6%
Lip Sync that both Queens stayed
Carmen Carrera and Yara Sofia
29.4%
First Week Mini-
Challenge Winner
Jiggly Caliente
29.3%
Transgender Competitor
Kenya Michaels
29%
Week 2 Challenge Winner
Bianca Del Rio
28.5%
First to walk into Workroom
Shannel
28.1%
Week 2 Challenge Winner
Ongina
28%
Week 2 Challenge Winner
Ginger Minj
26.5%
Snatch Game Winner
n\a
26.4%
Lip Synced the most
Sahara Davenport and Jujubee
26.2%
Week 2 Challenge Winner
Sahara Davenport
26.2%
Snatch Game Celebrity
n\a
25.1%
First to walk into Workroom
Delta Work
24.6%
Week 2 Challenge Winner
Lineysha Sparx
24.2%
Won the Most Mini-
Challenges
Raven
23.8%
Week 1 Lip Sync Song
Express Yourself by Madonna
23.6%
Week 3 Challenge Winner
Darienne Lake
23.4%
Week 2 Challenge Winner
Chad Michaels and Madame LaQueer
23.2%
First to walk into Workroom
Nicole Paige Brooks
23%
Week 3 Challenge Winner
Max
22.8%
Week 3 Challenge Winner
Detox
22.7%
Last to walk into Workroom
Raja
22.7%
Week 2 Challenge Winner
Shangela and Alexia Mateo
22.5%
Week 3 Challenge Winner
Sharon Needles
22.5%
Week 3 Challenge Winner
Tyra Sanchez
22.1%
Week 3 Challenge Winner
Bebe Zahara Benet
21.7%
Week 3 Challenge Winner
Alexis Mateo
20.8%
Won the Most Mini-
Challenges
BenDeLaCreme
20.7%
Queens that returned to the Competition
n\a
20.7%
Queens that returned to the Competition
n\a
20.7%
Last to walk into Workroom
Bebe Zahara Benet
20.7%
Week 4 Challenge Winner
Courtney Act
20.6%
Queens that returned to the Competition
n\a
20.4%
Queens that returned to the Competition
n\a
20.4%
Lip Sync that both Queens stayed
n\a
20.4%
Week 4 Challenge Winner
Tatianna
20.4%
Week 1 Lip Sync Song
The Right Stuff by Vanessa Willams
20.3%
Week 5 Challenge Winner
Jinkx Monsoon
20.3%
Week 2 BTM2
Tammie Brown and Akashia
20.3%
Week 4 Challenge Winner
Ongina
20.2%
Week 2 BTM2
Sasha Belle and Katya
20.2%
Lip Sync that both Queens stayed
n\a
20.1%
Lip Sync that both Queens stayed
n\a
19.9%
Week 4 Challenge Winner
Manila Luzon
19.9%
Week 4 Challenge Winner
Alyssa Edwards
19.9%
Week 2 BTM2
Raven and Nicole Paige Brooks
19.9%
Hint
Answer
% Correct
Last to walk into Workroom
Coco Montrese
19.7%
Lip Synced the most
Kandy Ho and Jaidynn Diore Fierce
19.6%
Week 5 Challenge Winner
BenDeLaCreme
19.6%
Last to walk into Workroom
Tyra Sanchez
19.6%
Week 2 BTM2
Magnolia Crawford and Darienne Lake
18.9%
Won the Most Mini-
Challenges
Ginger Minj
18.7%
Week 4 Challenge Winner
Latrice Royale
18.7%
Week 4 Challenge Winner
Kennedy Davenport
18.6%
Last to walk into Workroom
Latrice Royale
18.6%
Week 5 Challenge Winner
Chad Michaels
18.4%
Week 2 BTM2
Serena ChaCha and Monica Beverly Hillz
18.2%
Week 2 BTM2
Delta Work and Phoenix
18.1%
Week 5 Challenge Winner
Rebecca Glasscock
18%
Won the Most Mini-
Challenges
Phi Phi O'Hara
17.7%
Week 5 Challenge Winner
Tyra Sanchez
17.6%
Week 5 Challenge Winner
Stacy Layne Matthews
17.5%
Week 6 Challenge Winner
Adore Delano
17.3%
Week 5 Challenge Winner
Max and Pearl
17.1%
Last to walk into Workroom
Tempest DuJour
17%
Week 2 BTM2
LaShauwn Beyond and The Princess
16.9%
Week 3 BTM2
Shannel and Akashia
16.9%
Week 6 Challenge Winner
Bebe Zahara Benet
16.7%
Week 3 BTM2
Raven and Mystique
16.7%
Last to walk into Workroom
Darienne Lake
16.7%
Week 3 BTM2
Mimi Imfurst and India Ferrah
16.2%
Week 3 BTM2
April Carrion and Vivacious
16.2%
Week 3 BTM2
Jasmine Masters and Kennedy Davenport
16.1%
Week 6 Challenge Winner
Raja
15.8%
Week 6 Challenge Winner
Willam
15.8%
Week 6 Challenge Winner
Katya
15.8%
Week 3 BTM2
Dida Ritz and The Princess
15.7%
First Week Mini-
Challenge Winner
n\a
15.6%
Week 3 BTM2
Monica Beverly Hillz and Coco Montrese
15.6%
First Week Mini-
Challenge Winner
n\a
15.4%
Week 6 Challenge Winner
Ivy Winters
15.1%
Transgender Competitor
n\a
15.1%
Week 6 Challenge Winner
Jessica Wild
14.9%
Week 4 BTM2
Jade and Rebecca Glasscock
14.9%
Week 4 BTM2
April Carrion and Trinity K Bonet
14.7%
Transgender Competitor
n\a
14.7%
Transgender Competitor
n\a
14.7%
Week 4 BTM2
Morgan McMichaels and Sonique
14.4%
Week 4 BTM2
Trixie Mattel and Pearl
13.9%
Week 5 BTM2
Ongina and Bebe Zahara Benet
13.9%
Won the Most Mini-
Challenges
n\a
13.6%
Week 4 BTM2
Stacy Layne Matthews and India Ferrah
13.5%
Week 4 BTM2
Madame LaQueer and Milan
13.5%
Week 5 BTM2
Sahara Davenport and Morgan McMichaels
13.2%
Week 4 BTM2
Honey Mahogany and Vivienne Pinay
13%
Week 5 BTM2
Gia Gunn and Laganja Estranja
12.8%
Week 5 BTM2
Milan and Kenya Michaels
12.2%
Week 5 BTM2
Lineysha Sparx and Detox
12.2%
Week 5 BTM2
Delta Work and Mariah
11.9%
Week 6 BTM2
Shannel and Rebecca Glasscock
11.9%
Week 5 BTM2
Mrs Kasha Davis and Kandy Ho
11.6%
Week 6 BTM2
Jujubee and Sahara Davenport
11.6%
Week 6 BTM2
Milk and Trinity K Bonet
10.6%
Week 6 BTM2
Coco Montrese and Jade Jolie
10.4%
4th to walk into Workrooom
Laganja Estranja
10.4%
Week 6 BTM2
Milan and Jiggly Caliente
10.2%
Week 6 BTM2
Kandy Ho and Jaidynn Diore Fierce
10.2%
Week 6 BTM2
Stacy Layne Matthews and Alexis Mateo
10%
4th to walk into Workrooom
Ongina
10%
4th to walk into Workrooom
Violet Chachki
9.8%
4th to walk into Workrooom
Serena ChaCha
9.1%
4th to walk into Workrooom
Phi Phi O'Hara
8.6%
4th to walk into Workrooom
Jujubee
8.2%
4th to walk into Workrooom
Manila Luzon
8%
Won the Most Mini-
Challenges
Manila Luzon and Carmen Carrera
7.7%
Quiz Playlist
Details
Report
Send in Message
Add To Playlist
Classic:
Type in answers that appear in a list
Forced Order:
Answers have to be entered in order
Last Updated: Feb 16, 2017
Quiz Scoreboard
CHALLENGE
Sign Up to Join the Scoreboard
Show All
Scores
Hide
Comments
May contain spoilers
Recently Published
An Introduction to Baseball
by treessimontrees
Sports
5m
Movies - When Are They Set?
by FPL_Elf
Movies
5m
Popular People in 1961
by mucciniale
History
6m
More to Explore
Quiz From the Vault
Featured Blog Post
Where Did the Easter Bunny Come From?
hide this ad
You Might Also Like...
Tags
This quiz does not have any tags.
Today's Top Quizzes in Television
Browse Television
hide this ad
Top Contributed Quizzes in Television
1
One Piece Logic Puzzle
2
5-to-1: The Simpsons Families
3
Survivor Logic Puzzle: Heroes vs. Villains
4
5-to-1: Television Doctors
5
7-to-1: TV Show Settings
6
Survivor Seasons
7
5-to-1: Streaming Originals
8
Survivor Season by Logo
9
One Thing in Common: Television
10
TV Shows by First Names
Explore More
Trending Topics
Crossword
Kpop
Anime
NBA
Marvel
Harry Potter
Disney
Country
Song
Soccer
The Office
Pokémon
Puzzle
WWE
NFL
hide this ad
More By:
deliciouslyben
Quiz
Plays
Rating
Category
Featured
Created
RuPaul's Drag Race Trivia
2,240
2.71
Entertainment
Jun 12, 2015
RuPaul's Drag Race Lip Syncs
1,025
3.13
Entertainment
Jun 13, 2015
RuPaul's Drag Race Super Trivia
847
2.63
Television
Jul 6, 2015
RuPaul's Drag Race Lip Sync Eliminations
717
1.00
Television
Aug 8, 2015
Can you name the RuPaul's Drag Race Contestant?
623
3.00
Entertainment
Jun 13, 2015
Go to Creator's Profile
Score Distribution
Quiz Creator Spotlight
deliciouslyben
Follow
Send a Message
Quizzes Created
-
Created Quiz Play Count
-
More By This Creator
Popular Quizzes Today
1
Find the Countries of Europe - No Outlines Minefield
2
Find the US States - No Outlines Minefield
3
The Countries of the World
4
Popular People in 1961
5
Find the US States
6
US States
7
1-10 Letter E Words III
8
Risky Map Clicking: Biggest States A-Z
More Television Quizzes
Jughead's 'I'm Weird' Speech
Quiz Lab
Trending Quizzes
Risky Map Clicking: Least Populous States A-Z
1-10 Letter F Words
1-10 Letter G Words
One Thing in Common: United Kingdom
Risky Map Clicking: Next State Alphabetically
Recently Updated
Leaping Animals
pecheneg
Reality TV Shows (A-Z)
bhenderson79
Rickey Henderson's Hall of Fame Teammates
pecheneg
Champions League XIs: Arsenal
pecheneg
Quick Pick: Celebrities in WWE's Hall of Fame
aduchscher
A-Z Keypad Blitz II
pecheneg
Multiple Oscar Actors
pecheneg
Mystery Phrase Blitz: Oscar 'Best Actors'
pecheneg
F. Scott Fitzgerald Novels
LTH
Pick 3 Villains
ddd62291
Trending Topics
Harry Potter
NBA
Marvel
Disney
Anime
Crossword
Kpop
Pokémon
The Office
Puzzle
Soccer
Song
NFL
WWE
Country
Your Account Isn't Verified!
In order to create a playlist on Sporcle, you need to verify the email address you used during registration. Go to your
Sporcle Settings
to finish the process.
Report this User
Report this user for behavior that violates our
Community Guidelines
.
Details:
Send Report
Go to the Sporcle.com Mobile Site →
Comments